Crossing rivers, taking cities : (Record no. 2150)

MARC details
000 -LEADER
fixed length control field 01003cam a2200277 a 4500
001 - CONTROL NUMBER
control field 3575540
003 - CONTROL NUMBER IDENTIFIER
control field GBCCL
005 - DATE AND TIME OF LATEST TRANSACTION
control field 20241126110419.0
008 - FIXED-LENGTH DATA ELEMENTS--GENERAL INFORMATION
fixed length control field 990323s1999 caua b 000 0 eng
010 ## -
-- 99023086
020 ## - INTERNATIONAL STANDARD BOOK NUMBER
International Standard Book Number 0830723927
035 ## - SYSTEM CONTROL NUMBER
System control number (DLC) 99023086
040 ## - CATALOGING SOURCE
Original cataloging agency DLC
Transcribing agency DLC
Modifying agency DLC
050 00 -
-- BV637
-- .D35 1999
082 00 - DEWEY DECIMAL CLASSIFICATION NUMBER
Classification number 269.2
Edition information 21
Item number DAM
100 1# - MAIN ENTRY--PERSONAL NAME
Personal name Damazio, Frank.
9 (RLIN) 1957
245 10 - TITLE STATEMENT
Title Crossing rivers, taking cities :
Remainder of title lessons from Joshua on reaching cities for Christ /
Statement of responsibility, etc. Frank Damazio.
260 ## - PUBLICATION, DISTRIBUTION, ETC.
Place of publication, distribution, etc. Ventura, Calif. :
Name of publisher, distributor, etc. Regal Books,
Date of publication, distribution, etc. c1999.
300 ## - PHYSICAL DESCRIPTION
Extent 303 p. :
Other physical details ill. ;
Dimensions 22 cm.
504 ## - BIBLIOGRAPHY, ETC. NOTE
Bibliography, etc. note Includes bibliographical references.
650 #0 - SUBJECT ADDED ENTRY--TOPICAL TERM
Topical term or geographic name entry element City churches.
9 (RLIN) 2402
650 #0 - SUBJECT ADDED ENTRY--TOPICAL TERM
Topical term or geographic name entry element Evangelistic work
General subdivision Biblical teaching.
9 (RLIN) 4408
906 ## - LOCAL DATA ELEMENT F, LDF (RLIN)
a 7
b cbc
c orignew
d 1
e ocip
f 19
g y-gencatlg
942 ## - ADDED ENTRY ELEMENTS (KOHA)
Source of classification or shelving scheme Dewey Decimal Classification
Koha item type Books
Koha issues (borrowed), all copies 4
Holdings
Withdrawn status Lost status Source of classification or shelving scheme Damaged status Not for loan Home library Current Library Shelving location Date acquired Total checkouts Full call number Barcode Date last seen Copy number Price effective from Koha item type Date last checked out
    Dewey Decimal Classification     GRACE BIBLE COLLEGE GRACE BIBLE COLLEGE Ministry & Mission 2017-07-07   269.2 DAM 011469 2025-05-01 c.2 2017-07-07 Books  
    Dewey Decimal Classification     GRACE BIBLE COLLEGE GRACE BIBLE COLLEGE Ministry & Mission 2017-07-07   269.2 DAM 011473 2025-05-01 c.6 2017-07-07 Books  
    Dewey Decimal Classification     GRACE BIBLE COLLEGE GRACE BIBLE COLLEGE Ministry & Mission 2017-07-07   269.2 DAM 011474 2025-05-01 c.7 2017-07-07 Books  
    Dewey Decimal Classification     GRACE BIBLE COLLEGE GRACE BIBLE COLLEGE Ministry & Mission 2017-07-07   269.2 DAM 011475 2025-05-01 c.8 2017-07-07 Books  
    Dewey Decimal Classification     GRACE BIBLE COLLEGE GRACE BIBLE COLLEGE Ministry & Mission 2017-07-07 1 269.2 DAM 011476 2025-05-01 c.9 2017-07-07 Books 2017-08-29
    Dewey Decimal Classification     GRACE BIBLE COLLEGE GRACE BIBLE COLLEGE Ministry & Mission 2017-09-06 1 269.2 DAM 011472 2025-05-01 c.5 2017-09-06 Books 2019-01-15
    Dewey Decimal Classification     GRACE BIBLE COLLEGE GRACE BIBLE COLLEGE Ministry & Mission 2017-09-06   269.2 DAM 011478 2025-05-01 c.11 2017-09-06 Books  
    Dewey Decimal Classification     GRACE BIBLE COLLEGE GRACE BIBLE COLLEGE Ministry & Mission 2017-09-06 2 269.2 DAM 011477 2025-05-01 c.10 2017-09-06 Books 2018-08-01
    Dewey Decimal Classification     GRACE BIBLE COLLEGE GRACE BIBLE COLLEGE Ministry & Mission 2017-09-06   269.2 DAM 011468 2025-05-01 c.1 2017-09-06 Books  
    Dewey Decimal Classification     GRACE BIBLE COLLEGE GRACE BIBLE COLLEGE Ministry & Mission 2017-09-06   269.2 DAM 011470 2025-05-01 c.3 2017-09-06 Books  
    Dewey Decimal Classification     GRACE BIBLE COLLEGE GRACE BIBLE COLLEGE Ministry & Mission 2017-09-06 1 269.2 DAM 011471 2025-05-01 c.4 2017-09-06 Books 2018-05-10
© Grace Bible College Library 2025